Molecular ecology

Saved in:
Bibliographic Details
Main Author: Freeland, Joanna R.
Other Authors: Kirk, Heather, 1980-, Petersen, Stephen
Format: Book
Language:English
Published: Oxford : Wiley-Blackwell, c2011.
Edition:2η έκδ.
Subjects:
Tags: Add Tag
No Tags, Be the first to tag this record!

MARC

LEADER 00000nam a2200000 a 4500
001 1/106897
008 150611s2011####enk|||||||||||||| ||eng||
020 |a 9780470748336 
040 |a GR-MyUa  |b gre  |c GR-MyUa  |e AACR2 
041 0 |a eng 
082 7 |a 577   |2 (23) 
100 1 |a Freeland, Joanna R. 
245 1 0 |a Molecular ecology /   |c Joanna R. Freeland and Heather Kirk, Stephen Petersen.  
250 |a 2η έκδ.  
260 |a Oxford :   |b Wiley-Blackwell,   |c c2011.  
300 |a xii, 449 σ. :   |b εικ., χάρτες ;   |c 25 εκ.  
504 |a Περιέχει βιβλιογραφικές αναφορές και ευρετήριο.  
650 0 |a Molecular ecology 
700 1 |a Kirk, Heather,   |d 1980- 
700 1 |a Petersen, Stephen. 
852 |a INST  |b LESVOS  |c BK  |e 20150611  |h 577 FRE  |p 005100056806  |q 005100056806  |t BK  |y 0 
922 |a 1ΕΛΗ  |b 2015-05  |c Τμήμα Περιβάλλοντος  |d Διαδρομές 
970 |a Καμάτσου  |b Δέσποινα  |z 11-06-2015